مكتبة جامعة عجلون الوطنية

فهرس بحث المكتبة

Normal view MARC view
  • النقد الادبي-التحليل الادبي-الاعمال الادبية-الادب العربي

Entry Topical Term

Number of records used in: 1

001 - CONTROL NUMBER

  • control field: 63479

003 - CONTROL NUMBER IDENTIFIER

  • control field: JO-AjAnu

005 - DATE AND TIME OF LATEST TRANSACTION

  • control field: 20230606084348.0

008 - FIXED-LENGTH DATA ELEMENTS

  • fixed length control field: 230606|| aca||aabn | a|a d

040 ## - CATALOGING SOURCE

  • Original cataloging agency: JO-AjAnu
  • Transcribing agency: JO-AjAnu

150 ## - HEADING--TOPICAL TERM

  • Topical term or geographic name entry element: النقد الادبي-التحليل الادبي-الاعمال الادبية-الادب العربي

670 ## - SOURCE DATA FOUND

  • Source citation: Work cat.: (JO-AjAnu)32365: السعودي، محمد, author 63478, مقام التلقي: دراسات في الادب العربي